000 00363nam a2200133Ia 4500
008 220120s9999||||xx |||||||||||||| ||und||
082 _a621.382 2 RAO
100 _aRao, Ganesh, D and Tunga, Satish
245 0 _aSignals and sy ems
250 _a4th
260 _aPearson education of asia
_bNew Delhi
_c2011
300 _aXX,609p
_b0
650 _aCOMPUTER SCIENCE
999 _c132767
_d132767